<?xml version="1.0" encoding="UTF-8"?>
<record
    xmlns:xsi="http://www.w3.org/2001/XMLSchema-instance"
    xsi:schemaLocation="http://www.loc.gov/MARC21/slim http://www.loc.gov/standards/marcxml/schema/MARC21slim.xsd"
    xmlns="http://www.loc.gov/MARC21/slim">

  <leader>01463nam2a2200301   4500</leader>
  <controlfield tag="001">RU\NLR\bibl\1393541</controlfield>
  <controlfield tag="005">20250615201806.0</controlfield>
  <datafield tag="010" ind1=" " ind2=" ">
    <subfield code="a">978-5-283-03291-7</subfield>
    <subfield code="b">&#x442;. 1</subfield>
    <subfield code="9">300</subfield>
  </datafield>
  <datafield tag="021" ind1=" " ind2=" ">
    <subfield code="a">RU</subfield>
    <subfield code="b">2009-40857</subfield>
    <subfield code="9">2483</subfield>
  </datafield>
  <datafield tag="035" ind1=" " ind2=" ">
    <subfield code="a">(NLR Aleph) 001385570</subfield>
  </datafield>
  <datafield tag="090" ind1=" " ind2=" ">
    <subfield code="a">1129344</subfield>
    <subfield code="c">1129344</subfield>
  </datafield>
  <datafield tag="100" ind1=" " ind2=" ">
    <subfield code="a">20090720d2009    |||y0rusy50      ca</subfield>
  </datafield>
  <datafield tag="101" ind1="0" ind2=" ">
    <subfield code="a">rus</subfield>
  </datafield>
  <datafield tag="102" ind1=" " ind2=" ">
    <subfield code="a">RU</subfield>
  </datafield>
  <datafield tag="105" ind1=" " ind2=" ">
    <subfield code="a">a   |||||||||</subfield>
  </datafield>
  <datafield tag="200" ind1="1" ind2=" ">
    <subfield code="a">&#x41B;&#x438;&#x43D;&#x435;&#x439;&#x43D;&#x44B;&#x435; &#x443;&#x441;&#x43A;&#x43E;&#x440;&#x438;&#x442;&#x435;&#x43B;&#x438; &#x434;&#x43B;&#x44F; &#x433;&#x435;&#x43D;&#x435;&#x440;&#x430;&#x446;&#x438;&#x438; &#x442;&#x43E;&#x440;&#x43C;&#x43E;&#x437;&#x43D;&#x43E;&#x433;&#x43E; &#x438;&#x437;&#x43B;&#x443;&#x447;&#x435;&#x43D;&#x438;&#x44F; &#x438; &#x43D;&#x435;&#x439;&#x442;&#x440;&#x43E;&#x43D;&#x43E;&#x432;</subfield>
  </datafield>
  <datafield tag="210" ind1=" " ind2=" ">
    <subfield code="d">2009</subfield>
    <subfield code="a">&#x411;. &#x43C;.</subfield>
  </datafield>
  <datafield tag="215" ind1=" " ind2=" ">
    <subfield code="a">271 c.</subfield>
    <subfield code="c">&#x438;&#x43B;.</subfield>
  </datafield>
  <datafield tag="320" ind1=" " ind2=" ">
    <subfield code="a">&#x411;&#x438;&#x431;&#x43B;&#x438;&#x43E;&#x433;&#x440;.: &#x441;. 255-268</subfield>
  </datafield>
  <datafield tag="461" ind1=" " ind2="0">
    <subfield code="1">001RU\NLR\bibl\1672724</subfield>
    <subfield code="1">2001#$a&#x414;&#x438;&#x441;&#x442;&#x430;&#x43D;&#x446;&#x438;&#x43E;&#x43D;&#x43D;&#x44B;&#x439; &#x440;&#x430;&#x434;&#x438;&#x430;&#x446;&#x438;&#x43E;&#x43D;&#x43D;&#x44B;&#x439; &#x43A;&#x43E;&#x43D;&#x442;&#x440;&#x43E;&#x43B;&#x44C; &#x441; &#x43B;&#x438;&#x43D;&#x435;&#x439;&#x43D;&#x44B;&#x43C;&#x438; &#x443;&#x441;&#x43A;&#x43E;&#x440;&#x438;&#x442;&#x435;&#x43B;&#x44F;&#x43C;&#x438;$v&#x422;. 1</subfield>
    <subfield code="9">999290</subfield>
    <subfield code="c">&#x41C;&#x43E;&#x441;&#x43A;&#x432;&#x430;</subfield>
    <subfield code="d">2009</subfield>
    <subfield code="f">&#x411;.&#x42E;. &#x411;&#x43E;&#x433;&#x434;&#x430;&#x43D;&#x43E;&#x432;&#x438;&#x447;, &#x410;.&#x412;. &#x41D;&#x435;&#x441;&#x442;&#x435;&#x440;&#x43E;&#x432;&#x438;&#x447;, &#x410;.&#x415;. &#x428;&#x438;&#x43A;&#x430;&#x43D;&#x43E;&#x432; [&#x438; &#x434;&#x440;.]</subfield>
    <subfield code="n">&#x42D;&#x43D;&#x435;&#x440;&#x433;&#x43E;&#x430;&#x442;&#x43E;&#x43C;&#x438;&#x437;&#x434;&#x430;&#x442;</subfield>
    <subfield code="o">&#x432; 2 &#x442;.</subfield>
    <subfield code="t">&#x414;&#x438;&#x441;&#x442;&#x430;&#x43D;&#x446;&#x438;&#x43E;&#x43D;&#x43D;&#x44B;&#x439; &#x440;&#x430;&#x434;&#x438;&#x430;&#x446;&#x438;&#x43E;&#x43D;&#x43D;&#x44B;&#x439; &#x43A;&#x43E;&#x43D;&#x442;&#x440;&#x43E;&#x43B;&#x44C; &#x441; &#x43B;&#x438;&#x43D;&#x435;&#x439;&#x43D;&#x44B;&#x43C;&#x438; &#x443;&#x441;&#x43A;&#x43E;&#x440;&#x438;&#x442;&#x435;&#x43B;&#x44F;&#x43C;&#x438;</subfield>
    <subfield code="y">978-5-283-03290-0</subfield>
    <subfield code="v">&#x422;. 1</subfield>
  </datafield>
  <datafield tag="606" ind1="1" ind2=" ">
    <subfield code="a">&#x41D;&#x435;&#x439;&#x442;&#x440;&#x43E;&#x43D;&#x43D;&#x44B;&#x435; &#x433;&#x435;&#x43D;&#x435;&#x440;&#x430;&#x442;&#x43E;&#x440;&#x44B;</subfield>
    <subfield code="9">1363721</subfield>
    <subfield code="3">RU\NLR\auth\66256476</subfield>
  </datafield>
  <datafield tag="606" ind1="1" ind2=" ">
    <subfield code="a">&#x41B;&#x438;&#x43D;&#x435;&#x439;&#x43D;&#x44B;&#x435; &#x443;&#x441;&#x43A;&#x43E;&#x440;&#x438;&#x442;&#x435;&#x43B;&#x438; &#x437;&#x430;&#x440;&#x44F;&#x436;&#x435;&#x43D;&#x43D;&#x44B;&#x445; &#x447;&#x430;&#x441;&#x442;&#x438;&#x446;</subfield>
    <subfield code="9">2354319</subfield>
    <subfield code="3">RU\NLR\auth\661406344</subfield>
  </datafield>
  <datafield tag="686" ind1=" " ind2=" ">
    <subfield code="a">&#x412;381.25</subfield>
  </datafield>
  <datafield tag="801" ind1=" " ind2="0">
    <subfield code="a">RU</subfield>
    <subfield code="b">NLR</subfield>
    <subfield code="c">20090720</subfield>
    <subfield code="g">RCR</subfield>
  </datafield>
  <datafield tag="801" ind1=" " ind2="1">
    <subfield code="a">RU</subfield>
    <subfield code="b">NLR</subfield>
    <subfield code="c">20090720</subfield>
  </datafield>
  <datafield tag="942" ind1=" " ind2=" ">
    <subfield code="c">BOOK</subfield>
  </datafield>
  <datafield tag="980" ind1=" " ind2=" ">
    <subfield code="a">NB</subfield>
  </datafield>
  <datafield tag="995" ind1=" " ind2=" ">
    <subfield code="5">2009-07-20</subfield>
    <subfield code="a">ad</subfield>
    <subfield code="b">NLR01</subfield>
    <subfield code="c">NLR01</subfield>
    <subfield code="e">RF9</subfield>
    <subfield code="f">2961916</subfield>
    <subfield code="k">2009-5/6386</subfield>
    <subfield code="o">0</subfield>
    <subfield code="r">BOOK</subfield>
    <subfield code="s">200956386_</subfield>
  </datafield>
  <datafield tag="995" ind1=" " ind2=" ">
    <subfield code="5">2009-07-20</subfield>
    <subfield code="a">ad</subfield>
    <subfield code="b">NLR01</subfield>
    <subfield code="c">NLR01</subfield>
    <subfield code="e">RF9</subfield>
    <subfield code="f">2961917</subfield>
    <subfield code="k">2009-5/6386</subfield>
    <subfield code="o">0</subfield>
    <subfield code="r">BOOK</subfield>
    <subfield code="s">200956386_</subfield>
  </datafield>
</record>
